000 00427nam a2200169Ia 4500
999 _c6265
_d6265
020 _a9788189013653
082 _aRR 923.254 REM-
100 _aMehta, Sharadaben
245 0 _aReminiscences: the memoirs of Sharadaben Mehta
260 _aNew Delhi
_bZubaan
_c2008
300 _a325p
650 _aMehta, Sharadaben
_vBiography
650 _aMemoirs
650 _aReminisences
700 _aBhatt, Purnima Mehta
942 _cBK